| 000 | 00644nam a22002417a 4500 | ||
|---|---|---|---|
| 003 | UA-OsUOA | ||
| 001 | 40628 | ||
| 007 | ta | ||
| 008 | 20060818b un ||||| |||| 00| 0 ukr d | ||
| 100 | _aСканави М.И. | ||
| 090 |
_a51(07) _bС42 |
||
| 942 | _cBK | ||
| 040 |
_aUA-OsUOA _brus _cUA-OsUOA _dUA-OsUOA |
||
| 245 | _aСборник задач по математике для поступающих в вузы | ||
| 300 | _a528 с. | ||
| 955 | _a2 | ||
| 041 | _arus | ||
| 080 | _a51(07) | ||
| 020 | _a5-06-002326-5 | ||
| 260 |
_aМ. _bВысшая школа _c1992 |
||
| 650 | 7 |
_a51 Математика _2UDC |
|
| 999 |
_c326767 _d326767 |
||